000 00867cab a2200241 4500
001 WB3419-16
008 090401t1998 xxu||||| |||| 00| 0 eng d
035 _a(Sirsi) u86357
041 _aeng
245 _aLenders hindering city regeneration
260 _c1998
350 _a0
490 _aFinancial Times
_v21 May 1998, 20(1)
520 _aCriticises mortgage lenders of hindering efforts to revitalise city centres by failing to lend readily on developments that mix commercial and residential use. Highlights problems from the lenders viewpoint such as overall valuation and marketability of property.
650 _aMARKETABILITY
650 _aMIXED-USE BUILDINGS
650 _aMORTGAGE LENDERS
650 _aREGENERATION
650 _aValuation
_96273
690 _aPROPERTY-PROPERTY FINANCE AND INVESTMENT
942 _n0
948 _c21/05/1998
999 _c54347
_d54347